000 00952cgm a2200301 4500
001 J999
008 090401t1992 xxu||||| |||| 00| 0 eng d
035 _a(Sirsi) u64325
041 _aeng
050 _a711.1
100 _aBowhill, Anthony
245 _aPlanning applications and appeals No. 3 (sound recording)
260 _aLondon
_bRoyal Institution of Chartered Surveyors
_c1992
300 _a1 sound cassette (60 min.)
350 _a0
490 _aOwlion Audio Programme
520 _aPublished jointly with the College of Estate Management . - Coordinated and produced by Bill Latto.
650 _aAUDIO CASSETTES
650 _aPLANNING APPEALS
690 _aPLANNING LAW AND PRACTICE
700 _aGillett, Alan
700 _aGreenwood, B.
700 _aGreenwood, Richard
710 _aRoyal Institution of Chartered Surveyors
_94900
710 _aCollege of Estate Management
_9400
942 _n0
948 _c04/03/1997
999 _c85332
_d85332